Derecho y proceso: estudios jurídicos en honor del prof. A. Martinez Bernal.
Uloženo v:
| Médium: | Kniha |
|---|---|
| Jazyk: | španělština |
| Vydáno: |
Murcia, España:
Universidad de Murcia,
1980.
|
| Témata: | |
| Tagy: |
Přidat tag
Žádné tagy, Buďte první, kdo vytvoří štítek k tomuto záznamu!
|
MARC
| LEADER | 00000nam a2200000 a 4500 | ||
|---|---|---|---|
| 001 | UCV3382 | ||
| 003 | CL-VaPUC | ||
| 005 | 20221214101906.0 | ||
| 008 | 930609e19800000SP |||||||||||||||||spa|d | ||
| 999 | |c 210615 |d 210613 | ||
| 040 | |c Pontificia Universidad Católica de Valparaíso | ||
| 082 | 0 | 4 | |a 348 DER 1980 |2 21 |
| 245 | 1 | 0 | |a Derecho y proceso: estudios jurídicos en honor del prof. A. Martinez Bernal. |
| 260 | |a Murcia, España: |b Universidad de Murcia, |c 1980. | ||
| 300 | |a 724 páginas | ||
| 583 | |a last modification |c 20130328 13:31:28 |k Rodrigo Vera | ||
| 650 | 0 | |a Derecho procesal penal |9 255496 | |
| 942 | |c BK |2 ddc | ||
| 945 | |d 19930609 00:00:00 |a aalvarez | ||
| 952 | |0 0 |1 0 |4 0 |6 348_000000000000000_DER_1980 |7 0 |8 A |9 186972 |a BIBDER |b BIBDER |d 2019-11-14 |i 2546345 |o 348 DER 1980 |p 2546345 |r 2023-01-25 |w 2019-11-14 |y BK |k DER | ||
| 952 | |0 0 |1 0 |4 0 |6 348_000000000000000_DER_1980 |7 0 |8 A |9 186973 |a BIBDER |b BIBDER |d 2019-11-14 |i 3063933 |o 348 DER 1980 |p 3063933 |r 2023-01-25 |w 2019-11-14 |y BK |k DER | ||